000 00868nam a2200229 a 4500
001 4128
005 20140414131846.0
008 090209s19uu xx 00 eng d
020 _a0-7368-0033-6
050 _aM 363.37
_bG56 1999
100 _aGoldberg, Jan
245 _aFire fighter /
_cby Jan Goldberg.
260 _aMankato, Minnesota :
_bCapstone Press,
_cc1999.
300 _a48 p. : col., ill. cm.
440 _aCareers without college
500 _aIncludes bibliographical references and index.
520 _aOutlines the educational requirements, duties, salary, employment outlook, and possible future positions for fire fighters.
650 _aFire extinction
_xVocational guidance
_xJuvenile literature.
650 _aFire prevention
_xVocational guidance
_xJuvenile literature.
650 _aFire fighters
_xJuvenile literature.
999 _c109950
_d109950